| 000 | 00000nam 2200000za 4500 |
| 001 | 9.846647 |
| 003 | CaOODSP |
| 005 | 20221107153244 |
| 007 | cr ||||||||||| |
| 008 | 171106s1953 onc os f000 0 eng d |
| 040 | |aCaOODSP|beng |
| 043 | |an-cn--- |
| 086 | 1 |aCS62-513/1953E-PDF |
| 245 | 00|aCanadian non-farm family expenditures, 1947-1948 (with supplementary food data, 1948-1949) |h[electronic resource]. |
| 260 | |aOttawa : |bEdmond Cloutier, Queen's Printer, |c1953. |
| 300 | |a76 p. |
| 490 | 1 |aDBS reference paper ; |vno. 42 |
| 500 | |aCover title. |
| 500 | |a"June, 1953." |
| 500 | |aChiefly tables. |
| 500 | |aDigitized edition from print [produced by Statistics Canada]. |
| 520 | |a“This reference paper presents the final results from a family living expenditure survey conducted in 1948 and 1949. It provides a factual record of post-war living expenditure patterns for the year ending August 1948 and additional detail regarding food expenditures in 1948 and 1949. Interest in living expenditure patterns increased greatly during the war years when measurements of change in consumer price levels were watched very closely. During this time, the uses of national records of income and expenditure also increased. The 1948-1949 survey of family living expenditures followed almost exactly ten years after the first major Canadian survey of this kind”--Preface, p. [1]. |
| 530 | |aIssued also in print format. |
| 692 | 07|2gccst|aFamily |
| 692 | 07|2gccst|aEconomic conditions |
| 692 | 07|2gccst|aStandard of living |
| 692 | 07|2gccst|aStatistics |
| 710 | 1 |aCanada. |bDominion Bureau of Statistics. |
| 830 | #0|aD.B.S. reference papers ;|vno. 42|w(CaOODSP)9.812168 |
| 856 | 40|qPDF|s18.04 MB|uhttps://publications.gc.ca/collections/collection_2017/statcan/CS62-513-1953-eng.pdf |
| 986 | |a62-513 |